000 00450nam a2200181Ia 4500
008 240925s9999 xx 000 0 und d
020 _aNA
082 _a796.44 CAR
100 _aCardus, Neville
245 0 _aDays in the Sun
250 _aNA
260 _aLondon:
_bGrant Richards
_c,1924.
300 _aVarious pages
_bN.A
_fPhotocopy
500 _aNA
600 _aHumanities & Natural Science
650 _aArts and Recreation
942 _cBK
999 _c12118
_d12118